|
|
|
|
| LEADER |
00000cam a2200000 i 4500 |
| 001 |
1/48408 |
| 008 |
070717s2005 gre d |
| 020 |
|
|
|a 960-16-1880-5
|
| 035 |
|
|
|l 10088908
|
| 040 |
|
|
|a GR-MY-UA
|b gre
|e aacr
|
| 041 |
0 |
|
|a gre
|
| 082 |
0 |
|
|a 372.84
|2 (22)
|
| 100 |
1 |
|
|a Αργυρόπουλος, Ανδρέας Χ.
|
| 245 |
1 |
0 |
|a Θρησκευτικά :
|b Γ' Δημοτικού /
|c Ανδρέας Αργυρόπουλος, Δημήτρης Τριανταφύλλου ; [διορθώσεις Δήμητρα Αθανασοπούλου]
|
| 260 |
|
|
|a [Αθήνα] :
|b Πατάκης,
|c [c2005]
|
| 300 |
|
|
|a 173 σ.;
|c 24 εκ.
|
| 500 |
|
|
|a "Περιέχει τις απαντήσεις στις ερωτήσεις του βιβλίου του μαθητή"
|
| 650 |
0 |
0 |
|a Religion.
|
| 650 |
0 |
0 |
|a Religion
|x Study and teaching.
|
| 650 |
0 |
0 |
|a Religion
|x Study and teaching (Elementary)
|z Greece.
|
| 700 |
1 |
|
|a Τριανταφύλλου, Δημήτριος Α.
|
| 852 |
|
|
|a INST
|b RHODES
|e 20070717
|h 372.84 ΑΡΓ
|p 005400026298
|q 005400026298
|t BK
|y 0
|
| 901 |
|
|
|a BIBL4-2007-2
|
| 909 |
|
|
|a Ρ
|b 128077
|
| 970 |
|
|
|a ΧΑΡΙΟΠΟΛΙΤΟΥ
|b ΚΩΝΣΤΑΝΤΙΝΑ
|z 2007/07/17
|